Central Library OPAC University of Rajshahi

সাহিত্য সৌরভে শাহজাদপুর / (Record no. 68157)

MARC details
000 -LEADER
fixed length control field 00910nam a2200229 a 4500
001 - CONTROL NUMBER
control field 68157
003 - CONTROL NUMBER IDENTIFIER
rucl marc code BD-RjUL
005 - DATE AND TIME OF LATEST TRANSACTION
control field 20211209081733.0
008 - FIXED-LENGTH DATA ELEMENTS--GENERAL INFORMATION
fixed length control field 170330s2013 bg |||| |||| 000 0 en d
020 ## - INTERNATIONAL STANDARD BOOK NUMBER
International Standard Book Number 9847018201019
Terms of availability : Tk. 100.00
035 ## - SYSTEM CONTROL NUMBER
System control number (BD-RjUL)68367
040 ## - CATALOGING SOURCE
Original cataloging agency BD-RjUL
Language of cataloging ben
Transcribing agency BD-RjUL
Modifying agency BD-RjUL
041 ## - LANGUAGE CODE
Language code of text/sound track or separate title ben
082 ## - DEWEY DECIMAL CLASSIFICATION NUMBER
Edition number 23
Classification number 891.4409
Author mark and year JAS 2013
100 1# - MAIN ENTRY--PERSONAL NAME
Personal name জলিল, মুহম্মদ আবদুল
9 (RLIN) 202042
245 10 - TITLE STATEMENT
Title সাহিত্য সৌরভে শাহজাদপুর /
Statement of responsibility, etc. মুহম্মদ আবদুল জলিল
260 ## - PUBLICATION, DISTRIBUTION, ETC. (IMPRINT)
Place of publication, distribution, etc. ঢাকা :
Name of publisher, distributor, etc. সমাচার,
Date of publication, distribution, etc. ২০১৩
300 ## - PHYSICAL DESCRIPTION
Pagination ৬২ পৃ. :
Illustrations চিত্র. ;
Size ২৫ সেমি.
650 ## - SUBJECT ADDED ENTRY--TOPICAL TERM
Topical term or geographic name as entry element বাংলাসাহিত্য
9 (RLIN) 202043
General subdivision ইতিহাস ও সমালোচনা
Topical term or geographic name as entry element Bengali Literature
9 (RLIN) 202044
General subdivision History and criticism
942 ## - ADDED ENTRY ELEMENTS (KOHA)
Source of classification or shelving scheme Dewey Decimal Classification
Koha item type Books
Holdings
Lost status Source of classification or shelving scheme Damaged status Not for loan Collection code Permanent Location Current Location Shelving location Date acquired Source of acquisition Cost, normal purchase price Total Checkouts Full call number Date last seen Copy number Koha item type
  Dewey Decimal Classification   Not For Loan Non-fiction Central Library, University of Rajshahi Central Library, University of Rajshahi Reading Room 08/06/2013 Author 100.00   B 891.4409 JAS 2013 30/03/2017 C-1 Books